000 01057nam a2200241 a 4500
001 47752
003 BD-RjUL
005 20211209054403.0
008 160810s19941990ii ||||| |||| 00| 0 ben d
020 _a8170660890
_c: IRs. 40.00
035 _a(BD-RjUL)47871
040 _aBD-RjUL
_bben
_cBD-RjUL
_dBD-RjUL
041 _aben
082 _223
_a891.209
_bBHP 1994
100 _aভট্টাচার্য, সুকুমারী.
_9119115
245 _aপ্রাচীন ভারত :
_bসমাজ ও সাহিত্য /
_cসুকুমারী ভট্টাচার্য.
250 _a২য় সং.
260 _aকলকাতা :
_bআনন্দ পাবলিশার্স প্রাইভেট লি: ,
_c১৯৯০[মুদ্রণ ১৯৯৪]
300 _a২৩৪ পৃ. ;
_c২২ সেমি.
650 _aসংস্কৃত সাহিত্য
_xইতিহাস ও সমালোচনা
_9119695
650 _aSanskrit literature
_xHistory and criticism
_9119696
942 _2ddc
_cBK
999 _c47752
_d47752